| 000 | 00839nam a2200169 a 4500 | ||
|---|---|---|---|
| 001 | 000030019 | ||
| 003 | DO-SdBNP | ||
| 005 | 20210630094006.0 | ||
| 008 | 110428s1957 dr c 000 0 spa d | ||
| 040 |
_aDO-SdBNP _bspa _cBNPHU |
||
| 049 | _aBNPD | ||
| 082 |
_axxxx _bH765 |
||
| 245 | 0 | 0 | _aHomenaje que las Fuerzas Armadas de la nación rinden a su comandante en jefe su excelencia el generalísimo Rafael Trujillo Molina, benefactor de la patria y padre de la patria nueva, en ocasión de la juramentación del excelentísimo señor presidente de la república , general Héctor Bienvenido Trujillo Molina y del honorable señor vice-presidente Joaquín Balaguer para el período presidencial 1957-1962. |
| 260 |
_aSanto Domingo : _bSecretaría de Estado de la Fuerzas Armadas, _c1957. |
||
| 300 |
_a19 p. ; _c20 cm. |
||
| 942 |
_2ddc _cLBS1 |
||
| 999 |
_c29511 _d29511 |
||